| 000 | 00465nam a2200181Ia 4500 | ||
|---|---|---|---|
| 003 | GCL | ||
| 008 | 140319s9999 xx 000 0 eng d | ||
| 040 |
_aGCL / _cGCL |
||
| 082 | 0 | 4 |
_a617.962 _bK P |
| 100 | 1 | _aKING, MAURICE H. | |
| 245 | 1 | 0 |
_aPRIMARY ANAESTHESIA / _cKING, MAURICE H. |
| 260 |
_a[S.N] : _bELBS OXFORD UNIVERSITY PRESS ، _c1993 |
||
| 300 | _a169\P | ||
| 650 | 0 | 4 | _aSURGERY |
| 650 | 0 | 4 | _aANAESTHESIA |
| 650 | 0 | 4 | _aANESTHESIOLOGY |
| 942 |
_2ddc _cBK |
||
| 999 |
_c20033 _d20033 |
||